000 00674nam a2200205Ia 4500
003 GCL
008 140319s9999 xx 000 0 ara d
040 _aGCL /
_cGCL
082 0 4 _a276.1873
_bم س
100 1 _aماستناك، توماش
245 1 0 _aالسلام الصليبى /
_cماستناك، توماش
250 _aالاولى
260 _aالقاهرة :
_bالمجلس الاعلى للثقافة ،
_c2003
300 _a569 ص ؛
_c24 سم
650 0 4 _aالمعاهدات
650 0 4 _aالديانات المقارنة
650 0 4 _aجرائم ضد السلام
650 0 4 _aالمسيحية والديانات الاخرى
942 _2ddc
_cBK
999 _c34387
_d34387